| 000 | 00471ntaaa2200181 4500 | ||
|---|---|---|---|
| 003 | 01 | ||
| 005 | 20251027202321.0 | ||
| 008 | 0714s1973 ag 01 | ||
| 040 |
_aAR-BaBN _bspa _cAR-BaBN _eaacr _dRIC |
||
| 082 | _a280.4000 E21 | ||
| 100 |
_aEddey, Mary Baker G _921732 |
||
| 245 | _aScience and health, with key to the scriptures | ||
| 250 | _a1 ed. | ||
| 260 |
_aBoston : _bJoseph Armstrong, _c1899 |
||
| 300 | _axii, 663 p | ||
| 650 | _aciencia cristiana | ||
| 942 | _cBK | ||
| 999 |
_c17980 _d17980 |
||